Birmingham City Squad 2025-2026 - Statistics

General Stats
  • This quiz has been taken 14 times
  • The average score is 26 of 33
Answer Stats
# Position Nation Player % Correct
26 DF Nigeria Bright Osayi-Samuel
92%
23 FW Spain Carlos Vicente
92%
- Coach Wales Chris Davies
92%
10 FW Jamaica Demarai Gray
92%
14 MF Colombia Jhon Solís
92%
8 MF South Korea Seung-ho Paik
92%
4 DF Austria Christoph Klarer
85%
2 DF England Ethan Laird
85%
17 FW Ghana Ibrahim Osman
85%
25 GK England James Beadle
85%
28 FW England Jay Stansfield
85%
9 FW Japan Kyōgo Furuhashi
85%
17 FW Scotland Lyndon Dykes
85%
33 FW Germany Marvin Ducksch
85%
5 DF Germany Phil Neumann
85%
21 GK England Ryan Allsop
85%
7 MF England Tommy Doyle
85%
24 MF Japan Tomoki Iwata
85%
29 FW Denmark August Priske
77%
41 DF Ireland Eiran Cashin
77%
6 DF England Jack Robinson
77%
31 DF Germany Kai Wagner
77%
16 FW England Patrick Roberts
77%
18 MF Iceland Willum Thór Willumsson
77%
20 DF England Alex Cochrane
69%
37 DF England Jonathan Panzo
69%
27 MF Japan Kanya Fujimoto
69%
14 FW England Keshi Anderson
62%
30 FW Wales Lewis Koumas
62%
12 MF Scotland Marc Leonard
62%
3 DF England Lee Buchanan
46%
11 FW Scotland Scott Wright
46%
23 DF Iceland Alfons Sampsted
38%
No matching quizzes found
Score Distribution
Percent of People with Each Score
Percentile by Number Answered
Your Score History
You have not taken this quiz